00346nam a22001457a 4500003000700000005001700007008004100024082001500065100001700080245002500097260003000122300000800152490003500160650000500195MPLRDC20220104142918.0210129b ||||| |||| 00| 0 eng d a496.3 MBQ  a马碧秋译 a市场调查概论c ab现代工商出版社c b平 a现代市场工商实务业书 a